00461 2200169 4500001002100000005001700021008004100038020001800079035002500097041000700122082001000129090001400139100002300153245005000176260004000226300002500266INLIS0000000000027340:yyyyMMddHHmmss180719||||||||| | ||| |||| || |  a979-006-138-2 a0010-031300000002734 aid0 a641.5 a641.5 DUA0 aRedaksi Agro Media00a22 Peluang Bisnis Makanan Untuk Home Industry atangerangbAgro Media Pustakac2008 aviii, 200 hal, 24 cm